[Event "Wuerttemberg op"]
[Site "Wuerttemberg"]
[Date "1999.09.04"]
[Round "8"]
[White "Keilhack, Harald"]
[Black "Duppel, Matthias"]
[Result "1/2-1/2"]
[WhiteElo "2325"]
[BlackElo "2358"]
[PlyCount "57"]
[EventDate "1999.08.28"]
[EventType "swiss"]
[EventRounds "9"]
[EventCountry "GER"]
[SourceTitle "EXT 2002"]
[Source "ChessBase"]
[SourceDate "2001.11.25"]
[SourceVersion "1"]
[SourceVersionDate "2001.11.25"]
[SourceQuality "1"]

1. Nf3 d5 2. c4 dxc4 3. e3 Nf6 4. Bxc4 c5 5. 0-0 e6 6. b3 a6 7. Bb2 b5 8. Be2 Nbd7 9. a4 b4 10. Ne5 Nxe5 11. Bxe5 Bb7 12. Bf3 Bd5 13. d3 Ra7 14. Ra2 Rd7 15. Rd2 Be7 16. Bxd5 Rxd5 17. Bxf6 Bxf6 18. Qc2 0-0 19. Qc4 Qd6 20. Rfd1 Rd8 21. g3 h5 22. h4 g5 23. hxg5 Rxg5 24. Qe4 Rg6 25. Kf1 h4 26. gxh4 Qh2 27. Ke2 Rg2 28. Rf1 Bxh4 29. Kd1 1/2-1/2

[Event "Wuerttemberg op"]
[Site "Wuerttemberg"]
[Date "1999.08.28"]
[Round "1"]
[White "Werner, Bernd Michael"]
[Black "Keilhack, Harald"]
[Result "1/2-1/2"]
[WhiteElo "2176"]
[BlackElo "2325"]
[PlyCount "48"]
[EventDate "1999.08.28"]
[EventType "swiss"]
[EventRounds "9"]
[EventCountry "GER"]
[SourceTitle "EXT 2002"]
[Source "ChessBase"]
[SourceDate "2001.11.25"]
[SourceVersion "1"]
[SourceVersionDate "2001.11.25"]
[SourceQuality "1"]

1. e4 c5 2. c4 Nc6 3. Nc3 e6 4. g3 Nf6 5. Bg2 d5 6. d3 d4 7. Nce2 e5 8. h3 h5 9. f4 h4 10. Nf3 hxg3 11. fxe5 Nh5 12. a3 g6 13. Nf4 Bg7 14. e6 Bxe6 15. Nxe6 fxe6 16. b4 0-0 17. bxc5 Qa5+ 18. Bd2 Qxc5 19. 0-0 Nf4 20. Bxf4 Rxf4 21. Qe1 Ne5 22. Qxg3 Nxf3+ 23. Rxf3 Rxf3 24. Bxf3 Rf8 1/2-1/2

[Event "Oberliga Wuerttemberg 9798"]
[Site "Wuerttemberg"]
[Date "1998.02.01"]
[Round "7"]
[White "Keilhack, Harald"]
[Black "Bauer, Eckart"]
[Result "1/2-1/2"]
[WhiteElo "2325"]
[BlackElo "2245"]
[PlyCount "38"]
[EventDate "1997.09.??"]
[EventType "team"]
[EventRounds "9"]
[EventCountry "GER"]
[SourceTitle "EXT 1999"]
[Source "ChessBase"]
[SourceDate "1998.11.16"]
[SourceVersion "1"]
[SourceVersionDate "1998.11.16"]
[SourceQuality "1"]

1. Nf3 f5 2. b3 d6 3. d4 Nf6 4. Bb2 g6 5. g3 Bg7 6. Bg2 0-0 7. 0-0 a5 8. a3 Ne4 9. Nfd2 d5 10. f3 Nxd2 11. Qxd2 c5 12. e3 Nc6 13. f4 e6 14. a4 cxd4 15. exd4 Qb6 16. Rd1 Bd7 17. Kh1 Rfd8 18. Na3 Rac8 19. Nb5 Nb4 1/2-1/2